|
|
|
|
| LEADER |
01734nam a2200409 i 4500 |
| 001 |
EBC4887046 |
| 003 |
MiAaPQ |
| 005 |
20200520144314.0 |
| 006 |
m o d | |
| 007 |
cr cnu|||||||| |
| 008 |
170720t20112011xr a ob 000 0 cze d |
| 020 |
|
|
|z 9788021056916
|
| 020 |
|
|
|a 9788021062283
|q (electronic bk.)
|
| 035 |
|
|
|a (MiAaPQ)EBC4887046
|
| 035 |
|
|
|a (Au-PeEL)EBL4887046
|
| 035 |
|
|
|a (CaPaEBR)ebr11402810
|
| 035 |
|
|
|a (OCoLC)993105632
|
| 040 |
|
|
|a MiAaPQ
|b eng
|e rda
|e pn
|c MiAaPQ
|d MiAaPQ
|
| 050 |
|
4 |
|a HD38.5
|b .S537 2011
|
| 082 |
0 |
|
|a 658.7
|2 23
|
| 100 |
1 |
|
|a Skapa, Radoslav,
|e author.
|
| 245 |
1 |
0 |
|a Rizeni zpetnych toku /
|c Radoslav Skapa, Alena Klapalova.
|
| 264 |
|
1 |
|a Brno, [Czech Republic] :
|b Masarykova univerzita :
|b Ekonomicko-spravni fakulta,
|c 2011.
|
| 264 |
|
4 |
|c 2011
|
| 300 |
|
|
|a 1 online resource (107 pages) :
|b illustrations, tables
|
| 336 |
|
|
|a text
|2 rdacontent
|
| 337 |
|
|
|a computer
|2 rdamedia
|
| 338 |
|
|
|a online resource
|2 rdacarrier
|
| 504 |
|
|
|a Includes bibliographical references.
|
| 588 |
|
|
|a Description based on online resource; title from PDF title page (ebrary, viewed July 20, 2017).
|
| 590 |
|
|
|a Electronic reproduction. Ann Arbor, MI : ProQuest, 2016. Available via World Wide Web. Access may be limited to ProQuest affiliated libraries.
|
| 650 |
|
0 |
|a Business logistics
|x Management.
|
| 655 |
|
4 |
|a Electronic books.
|
| 700 |
1 |
|
|a Klapalova, Alena,
|e author.
|
| 776 |
0 |
8 |
|i Print version:
|a Skapa, Radoslav.
|t Rizeni zpetnych toku.
|d Brno, [Czech Republic] : Masarykova univerzita : Ekonomicko-spravni fakulta, c2011
|h 105 pages
|z 9788021056916
|
| 797 |
2 |
|
|a ProQuest (Firm)
|
| 856 |
4 |
0 |
|u https://ebookcentral.proquest.com/lib/matrademy/detail.action?docID=4887046
|z Click to View
|